000
00387nam a22001577a 4500
003
MPLRDC
005
20220104114651.0
008
210129b ||||| |||| 00| 0 eng d
082
_a
327.49 LXR
100
_a
梁湘润编著
245
_a
中西对照: 万年历
_c
260
_a
_b
新风文化事业公司
_c
300
_b
平
650
_a
历书--万年历
942
_c
BK
_o
327.49 LXR
999
_c
9275
_d
9265